Enriching primary mathematics with IT
Saved in:
| Main Author: | |
|---|---|
| Format: | Book |
| Language: | English |
| Published: |
London :
Hodder & Stoughton,
1996
|
| Series: | Managing primary mathematics
|
| Subjects: | |
| Tags: |
Add Tag
No Tags, Be the first to tag this record!
|
MARC
| LEADER | 00000nam a2200000 i 4500 | ||
|---|---|---|---|
| 001 | 1/95751 | ||
| 008 | 991208s1996 eng d | ||
| 020 | |a 0-340-64402-8 | ||
| 035 | |l 10055440 | ||
| 040 | |a GR-MY-UA |b gre |e aacr | ||
| 041 | 0 | |a eng | |
| 082 | 0 | |a 372.7044 | |
| 100 | 1 | |a Ainley, Janet. | |
| 245 | 1 | 0 | |a Enriching primary mathematics with IT / |c Janet Ainley |
| 260 | |a London : |b Hodder & Stoughton, |c 1996 | ||
| 300 | |a 148 p. | ||
| 490 | 1 | |a Managing primary mathematics | |
| 650 | 0 | 0 | |a Mathematics |x Study and teaching (Elementary) |x Data processing. |
| 830 | 0 | |a Managing primary mathematics | |
| 852 | |a INST |b RHODES |e 19991208 |h 372.7044 AIN |p 005400012470 |q 005400012470 |t BK |y 0 | ||
| 901 | |a BIBL4-1999-3 | ||
| 909 | |a Ρ |b 069001 | ||
| 922 | |a 4ΕΛΗ |b 199909 |c ΚΠΣ/154 |d GLORY BOOKS | ||
| 970 | |a ΚΟΥΛΑΚΙΟΤΗ |b ΛΙΤΣΑ |z 1999/12/08 | ||